Squadra dell'anno AIC 2015 - Statistics

Statistiche generali
  • Questo quiz è stato fatto 12 volte
  • Il punteggio medio è 10 su 11
Statistiche sulle risposte
Ruolo Nazione Squadra Calciatore % Corretto
Centrocampista Italia Juventus Andrea Pirlo
100%
Portiere Italia Juventus Gianluigi Buffon
100%
Difensore Italia Juventus Giorgio Chiellini
100%
Difensore Italia Juventus Leonardo Bonucci
100%
Attaccante Argentina Juventus Carlos Tévez
92%
Attaccante Argentina Inter Mauro Icardi
92%
Centrocampista Francia Juventus Paul Pogba
92%
Attaccante Italia Verona Luca Toni
83%
Centrocampista Belgio Roma Radja Nainggolan
83%
Difensore Italia Empoli Daniele Rugani
67%
Difensore Italia Torino Matteo Darmian
58%
Nessun quiz corrispondente trovato
Distribuzione punteggi
Percentuale di utenti per punteggio
Percentile per numero di risposta
I tuoi punteggi nel tempo
Non hai fatto questo quiz